[Event "23. OSREDNJA SLOVENSKA LIGA 2022"]
[Site "gostovanja"]
[Date "2022.09.29"]
[Round "2.4"]
[White "Ojstersek, Peter"]
[Black "Demsar, Maks"]
[Result "1/2-1/2"]
[WhiteElo "1605"]
[BlackElo "1229"]
[PlyCount "137"]
[EventDate "2022.09.29"]
[WhiteTeam "SK KOMENDA POPOTNIK"]
[BlackTeam "SS TOMO ZUPAN KRANJ"]

1. d4 Nf6 2. Bf4 c5 3. c3 Qb6 4. Qc2 cxd4 5. cxd4 Nc6 6. e3 d5 7. Nc3 a6 8. a3
g6 9. Bd3 Bg7 10. Nf3 O-O 11. O-O Rd8 12. Na4 Qa7 13. Ne5 Nxe5 14. Bxe5 Bd7 15.
Nc3 Rac8 16. Qb3 Bc6 17. Rac1 Nd7 18. Bxg7 Kxg7 19. Nxd5 Bxd5 20. Qxd5 Nf6 21.
Qb3 b6 22. Rc3 Rxc3 23. Qxc3 Nd5 24. Qb3 b5 25. Rc1 Qd7 26. h3 Nb6 27. Be2 Rc8
28. Rxc8 Qxc8 29. Qd1 Na4 30. Bg4 f5 31. Bf3 Nxb2 32. Qa1 Qc2 33. Qa2 Qc1+ 34.
Kh2 Nc4 35. a4 Qd2 36. Qb3 Qb2 37. Qxb2 Nxb2 38. axb5 axb5 39. Kg1 Kf6 40. Kf1
e5 41. Bc6 b4 42. Ke2 exd4 43. exd4 Ke6 44. d5+ Ke5 45. Kd2 Nc4+ 46. Kc2 Nb6
47. Kb3 Nxd5 48. Kc4 Nf4 49. Kxb4 Nd3+ 50. Kc4 Nxf2 51. Kc3 Kf4 52. Kd2 Kg3 53.
Ke2 g5 54. Bf3 Nxh3 55. gxh3 Kxh3 56. Bd5 Kg3 57. Kf1 h5 58. Kg1 f4 59. Bc4 f3
60. Bb5 h4 61. Kh1 f2 62. Bc4 h3 63. Bf1 h2 64. Bg2 Kf4 65. Kxh2 g4 66. Kh1 g3
67. Bf1 Kf3 68. Bh3 Ke2 69. Bg2 1/2-1/2

[Event "23. OSREDNJA SLOVENSKA LIGA 2022"]
[Site "gostovanja"]
[Date "2022.09.29"]
[Round "2.1"]
[White "Hribar, Janez"]
[Black "Plaskan, Jure"]
[Result "0-1"]
[WhiteElo "1897"]
[BlackElo "2217"]
[PlyCount "68"]
[EventDate "2022.09.29"]
[WhiteTeam "SD CRNI GRABEN"]
[BlackTeam "SD DOMZALE"]

1. Nf3 Nf6 2. d4 e6 3. Bg5 d5 4. e3 c5 5. c3 Nbd7 6. Nbd2 h6 7. Bh4 Be7 8. Bd3
Qb6 9. Rb1 O-O 10. Ne5 cxd4 11. exd4 Nxe5 12. dxe5 Ne4 13. Nxe4 Bxh4 14. Ng3
Qc7 15. Qh5 Bg5 16. Qe2 Bf4 17. O-O Bxe5 18. Rbe1 Bd6 19. Qh5 Bd7 20. Qh4 Qd8
21. Qd4 b6 22. b4 Rc8 23. f4 Qc7 24. Rc1 b5 25. Ne2 Be7 26. Qe3 Bf6 27. Nd4 Qb6
28. Kh1 Rxc3 29. Rxc3 Bxd4 30. Qd2 Bxc3 31. Qxc3 Rc8 32. Qe5 Qc7 33. Qe2 a6 34.
h3 Qc3 0-1

[Event "23. OSREDNJA SLOVENSKA LIGA 2022"]
[Site "gostovanja"]
[Date "2022.09.29"]
[Round "2.2"]
[White "Osolin, Bojan"]
[Black "Skok, Boris"]
[Result "0-1"]
[WhiteElo "2113"]
[BlackElo "1897"]
[PlyCount "48"]
[EventDate "2022.09.29"]
[WhiteTeam "SD DOMZALE"]
[BlackTeam "SD CRNI GRABEN"]

1. e4 c5 2. Nf3 e6 3. d4 cxd4 4. Nxd4 Nc6 5. Nc3 Qc7 6. Be2 a6 7. O-O Nf6 8.
Nxc6 bxc6 9. f4 d5 10. exd5 Bc5+ 11. Kh1 exd5 12. Na4 Ba7 13. c4 O-O 14. f5 Re8
15. Bd3 dxc4 16. Bxc4 Re4 17. Bf4 Qe7 18. Bd3 Rd4 19. Qc2 Qb4 20. Be5 Qxa4 21.
b3 Qb4 22. Bxf6 gxf6 23. Qxc6 Bb7 24. Qxf6 Rg4 0-1

[Event "23. OSREDNJA SLOVENSKA LIGA 2022"]
[Site "gostovanja"]
[Date "2022.09.29"]
[Round "2.3"]
[White "Majcen, Zoran"]
[Black "Markosek, Bine"]
[Result "1/2-1/2"]
[WhiteElo "1816"]
[BlackElo "1641"]
[PlyCount "132"]
[EventDate "2022.09.29"]
[WhiteTeam "SD CRNI GRABEN"]
[BlackTeam "SD DOMZALE"]

1. e4 e5 2. d4 exd4 3. Qxd4 Nc6 4. Qe3 Nf6 5. Bd2 d6 6. Nc3 Be7 7. O-O-O O-O 8.
h4 Re8 9. h5 h6 10. Qg3 Kh8 11. Bc4 Ne5 12. Bb3 Bf8 13. Nf3 Bg4 14. Nxe5 Rxe5
15. f3 Bxh5 16. Bf4 Re8 17. e5 Bg6 18. exf6 Qxf6 19. Nd5 Qf5 20. Ne3 Qc5 21.
Rd5 Qc6 22. Ng4 Re2 23. Rd2 Rae8 24. Rxe2 Rxe2 25. Bd2 a5 26. Nxh6 gxh6 27.
Bc3+ Kh7 28. Qf4 d5 29. g4 Qe6 30. Bxa5 Bg7 31. Bc3 Qe3+ 32. Qxe3 Rxe3 33. Bxg7
Kxg7 34. Bxd5 c6 35. Kd2 Re7 36. Bc4 f6 37. Bd3 Bf7 38. Re1 Rd7 39. b3 b5 40.
Kc3 Ra7 41. Kb2 Rb7 42. Be4 Rc7 43. Rd1 c5 44. Bf5 b4 45. Rd7 Rxd7 46. Bxd7 Bd5
47. f4 Kf7 48. a4 bxa3+ 49. Kxa3 Ke7 50. Bf5 Kd6 51. Kb2 Bg2 52. Kc3 Bh3 53.
Kd3 h5 54. Ke3 Bxg4 55. Be4 h4 56. Bh1 Be6 57. Be4 h3 58. Kf3 Bd5 59. Bxd5 Kxd5
60. Kg3 Kd4 61. Kxh3 Kc3 62. Kg4 Kxc2 63. Kf5 Kxb3 64. Kxf6 c4 65. f5 c3 66.
Kg7 c2 1/2-1/2

[Event "23. OSREDNJA SLOVENSKA LIGA 2022"]
[Site "gostovanja"]
[Date "2022.09.29"]
[Round "2.4"]
[White "Timagina, Sofia"]
[Black "Vidergar, Milan"]
[Result "1-0"]
[WhiteElo "1331"]
[BlackElo "1503"]
[PlyCount "71"]
[EventDate "2022.09.29"]
[WhiteTeam "SD DOMZALE"]
[BlackTeam "SD CRNI GRABEN"]

1. e4 e5 2. Nf3 Nc6 3. Bc4 d6 4. d4 Bg4 5. dxe5 Bxf3 6. Qxf3 Nxe5 7. Qb3 Nxc4
8. Qxc4 Nf6 9. Nc3 Be7 10. f3 O-O 11. Be3 a6 12. g4 Nd7 13. Bf2 Ne5 14. Qe2 Bh4
15. Bg3 Re8 16. O-O-O b5 17. Qf2 Bf6 18. Nd5 Nc6 19. h4 a5 20. g5 Be7 21. f4
Nb4 22. Kb1 c6 23. Ne3 Qb6 24. f5 Bf8 25. Qf3 d5 26. e5 Rad8 27. f6 Qc5 28. c3
Na6 29. g6 hxg6 30. h5 gxf6 31. hxg6 Bg7 32. Nf5 fxg6 33. Nxg7 Re7 34. Qxf6 Rf8
35. Rh8+ Kxh8 36. Qxf8+ 1-0

[Event "23. OSREDNJA SLOVENSKA LIGA 2022"]
[Site "gostovanja"]
[Date "2022.09.29"]
[Round "2.1"]
[White "Siraj, Svit"]
[Black "Coklin, Marko"]
[Result "0-1"]
[WhiteElo "2153"]
[BlackElo "2159"]
[PlyCount "78"]
[EventDate "2022.09.29"]
[WhiteTeam "SD VRHNIKA"]
[BlackTeam "SK TRZIN BUSCOTRADE"]

1. e4 c5 2. Nf3 Nc6 3. Bb5 g6 4. O-O Bg7 5. Re1 e5 6. c3 Nge7 7. d3 a6 8. Ba4
b5 9. Bc2 d5 10. exd5 Qxd5 11. d4 cxd4 12. Be4 Qd6 13. cxd4 Ra7 14. d5 Rd7 15.
Nc3 Nd4 16. Nxd4 exd4 17. Ne2 O-O 18. Bf4 Qf6 19. d6 Nf5 20. Bxf5 Qxf5 21. Qd2
Qd5 22. Rad1 Bb7 23. f3 Rxd6 24. Bxd6 Qxd6 25. Nxd4 Be5 26. g3 Qf6 27. Qe3 Re8
28. Qf2 Rc8 29. Rd3 Rd8 30. Red1 Bc7 31. Nb3 Rxd3 32. Rxd3 Bb6 33. Nd4 h5 34.
h3 g5 35. g4 h4 36. Qd2 Qe5 37. Kf1 Kh7 38. Nf5 Qc5 39. Qxg5 Qf2# 0-1

[Event "23. OSREDNJA SLOVENSKA LIGA 2022"]
[Site "gostovanja"]
[Date "2022.09.29"]
[Round "2.2"]
[White "Krumpak, Hinko"]
[Black "Siraj, Anej"]
[Result "1/2-1/2"]
[WhiteElo "2032"]
[BlackElo "2047"]
[PlyCount "86"]
[EventDate "2022.09.29"]
[WhiteTeam "SK TRZIN BUSCOTRADE"]
[BlackTeam "SD VRHNIKA"]

1. Nf3 d5 2. c4 e6 3. d4 Nf6 4. Nc3 Be7 5. Bg5 h6 6. Bh4 b6 7. cxd5 exd5 8. e3
O-O 9. Be2 Be6 10. O-O c5 11. dxc5 bxc5 12. Qa4 Qb6 13. Qb5 Nbd7 14. Qxb6 axb6
15. Bb5 Rfd8 16. Rfd1 Nb8 17. Rd2 Rc8 18. a4 Nc6 19. Bg3 Ra5 20. Ne5 Na7 21.
Be2 c4 22. Rdd1 Bb4 23. Bf3 g5 24. h3 h5 25. Rdc1 Nc6 26. Nxc6 Rxc6 27. Be5 Nd7
28. Bd4 g4 29. hxg4 hxg4 30. Bd1 Bc5 31. Bc2 f6 32. Rd1 Kf7 33. e4 dxe4 34.
Nxe4 Bxd4 35. Rxd4 Ke7 36. Rad1 Ne5 37. Nd6 Ra7 38. Nb5 Ra5 39. Rd8 Nd3 40.
Bxd3 cxd3 41. R8xd3 Kf7 42. Nd4 Rd6 43. Nxe6 Rxe6 1/2-1/2

[Event "23. OSREDNJA SLOVENSKA LIGA 2022"]
[Site "gostovanja"]
[Date "2022.09.29"]
[Round "2.3"]
[White "Vodnik, Val"]
[Black "Rojs, Igor"]
[Result "1/2-1/2"]
[WhiteElo "1341"]
[BlackElo "1942"]
[PlyCount "78"]
[EventDate "2022.09.29"]
[WhiteTeam "SD VRHNIKA"]
[BlackTeam "SK TRZIN BUSCOTRADE"]

1. d4 d5 2. c4 e6 3. Nf3 Nf6 4. g3 c6 5. Bg2 Nbd7 6. O-O g6 7. Bf4 Bg7 8. Nbd2
O-O 9. Bd6 Re8 10. c5 Ne4 11. Nxe4 dxe4 12. Ne5 f5 13. e3 Nf6 14. f3 Nd5 15.
Qb3 exf3 16. Bxf3 Bf8 17. Bxf8 Rxf8 18. Bxd5 exd5 19. Qd1 Qg5 20. Qf3 Be6 21.
Qf4 Qe7 22. Qh6 Qg7 23. Qxg7+ Kxg7 24. b4 a6 25. a4 Rfd8 26. Rfc1 Bd7 27. Nxd7
Rxd7 28. b5 axb5 29. axb5 Rxa1 30. Rxa1 Re7 31. Kf2 Kf7 32. h4 h6 33. bxc6 bxc6
34. Ra6 Re6 35. Kf3 g5 36. hxg5 hxg5 37. Ra7+ Kf6 38. Ra8 g4+ 39. Kf2 Kf7
1/2-1/2

[Event "23. OSREDNJA SLOVENSKA LIGA 2022"]
[Site "gostovanja"]
[Date "2022.09.29"]
[Round "2.4"]
[White "Borisek, Anze"]
[Black "Sever, Gasper"]
[Result "1-0"]
[WhiteElo "1913"]
[BlackElo "1241"]
[PlyCount "120"]
[EventDate "2022.09.29"]
[WhiteTeam "SK TRZIN BUSCOTRADE"]
[BlackTeam "SD VRHNIKA"]

1. f4 d5 2. b3 Bf5 3. Nf3 Nc6 4. Bb2 e6 5. e3 Nf6 6. Bb5 Bd6 7. Nd4 Qd7 8. Nxf5
exf5 9. Bxf6 gxf6 10. Qf3 Bc5 11. c4 O-O-O 12. cxd5 Qxd5 13. Qxd5 Rxd5 14. Bxc6
bxc6 15. g3 Re8 16. d4 Bb6 17. Nc3 Rd7 18. b4 Ree7 19. Kd2 h5 20. Rac1 Kb7 21.
Ne2 h4 22. a3 h3 23. Rc3 c5 24. Rd3 cxb4 25. axb4 Re8 26. Ra1 Rd6 27. Nc1 Kc6
28. Nb3 Kb5 29. Nc5 Kxb4 30. Rc3 Kb5 31. Rb1+ Kc6 32. Ne4+ Kd5 33. Nxd6 Kxd6
34. Kd3 c6 35. Rcb3 Kc7 36. Rc1 Kb7 37. Ra1 Kc7 38. Rc3 Kd6 39. Rac1 Kd7 40.
Rxc6 Bd8 41. R6c5 Ke6 42. Rb1 Bb6 43. Rc6+ Ke7 44. Rbc1 Rd8 45. Rc8 Kd7 46.
Rxd8+ Bxd8 47. e4 Kd6 48. d5 Ke7 49. Rc6 Bb6 50. Rxb6 axb6 51. e5 fxe5 52. fxe5
Kd7 53. Kc4 Kd8 54. Kb5 Kc7 55. Ka6 b5 56. Kxb5 Kb7 57. d6 Kc8 58. Kc6 Kd8 59.
d7 f4 60. gxf4 f5 1-0

[Event "23. OSREDNJA SLOVENSKA LIGA 2022"]
[Site "gostovanja"]
[Date "2022.09.29"]
[Round "2.1"]
[White "Jukan, Nesib"]
[Black "Sedlar, Tomo"]
[Result "1-0"]
[WhiteElo "1972"]
[BlackElo "1831"]
[PlyCount "91"]
[EventDate "2022.09.29"]
[WhiteTeam "SK TRZIN PEKOS PUB"]
[BlackTeam "SD MENGES-TRZIN 1"]

1. d4 d5 2. Bg5 Bf5 3. Nd2 c6 4. c3 Qb6 5. Qb3 Nd7 6. Ngf3 h6 7. Bf4 Ngf6 8.
Ne5 e6 9. e3 Nxe5 10. Bxe5 Nd7 11. Bg3 Be7 12. Be2 O-O 13. O-O Bf6 14. f4 Bd8
15. Bf2 Nf6 16. Bf3 Qxb3 17. axb3 a6 18. h3 Rc8 19. b4 Bc7 20. g4 Bd3 21. Rfe1
Nd7 22. Bg3 f6 23. e4 g5 24. exd5 exd5 25. Re7 Rf7 26. Rae1 Rcf8 27. Kf2 Bxf4
28. Bxf4 gxf4 29. Nb3 f5 30. Rxd7 Rxd7 31. Nc5 Rg7 32. Nxd3 fxg4 33. hxg4 Kh7
34. Ne5 Rg5 35. Rh1 Kg7 36. Be2 h5 37. gxh5 Kh6 38. Ng4+ Kh7 39. Bd3+ Kh8 40.
Kf3 Kg7 41. h6+ Kh8 42. h7 Rg7 43. Rh3 Re7 44. Ne5 Kg7 45. h8=Q+ Rxh8 46. Rxh8
1-0

[Event "23. OSREDNJA SLOVENSKA LIGA 2022"]
[Site "gostovanja"]
[Date "2022.09.29"]
[Round "2.2"]
[White "Veskovic, Dzemal"]
[Black "Lanjscek, Miha"]
[Result "0-1"]
[WhiteElo "1860"]
[BlackElo "1805"]
[PlyCount "54"]
[EventDate "2022.09.29"]
[WhiteTeam "SD MENGES-TRZIN 1"]
[BlackTeam "SK TRZIN PEKOS PUB"]

1. e4 c5 2. Nc3 a6 3. Nf3 e6 4. d4 cxd4 5. Nxd4 Qc7 6. Be2 Bb4 7. Qd3 Nf6 8.
O-O b5 9. f4 Bxc3 10. bxc3 Bb7 11. Bf3 d5 12. e5 Ne4 13. Bb2 Nd7 14. Bxe4 dxe4
15. Qe3 Rc8 16. a4 bxa4 17. Rxa4 Nb6 18. Rb4 Nd5 19. Qe1 Nxb4 20. cxb4 Qb6 21.
c3 a5 22. b5 Bd5 23. Qe3 Bc4 24. Re1 Bxb5 25. Qxe4 Bc6 26. Qe3 Qxb2 27. Nxc6
Rxc6 0-1

[Event "23. OSREDNJA SLOVENSKA LIGA 2022"]
[Site "gostovanja"]
[Date "2022.09.29"]
[Round "2.3"]
[White "Banko, Franci"]
[Black "Simicak, Metod"]
[Result "0-1"]
[WhiteElo "1430"]
[BlackElo "1706"]
[PlyCount "108"]
[EventDate "2022.09.29"]
[WhiteTeam "SK TRZIN PEKOS PUB"]
[BlackTeam "SD MENGES-TRZIN 1"]

1. d4 Nf6 2. c4 e6 3. Bg5 Be7 4. Nf3 b6 5. Nc3 Bb7 6. e3 Ne4 7. Bxe7 Nxc3 8.
Bxd8 Nxd1 9. Rxd1 Bxf3 10. gxf3 Kxd8 11. f4 d5 12. Bg2 c6 13. cxd5 exd5 14. f3
f5 15. e4 Re8 16. e5 Na6 17. a3 Nc7 18. Kf2 Ne6 19. Ke3 Kc7 20. b4 a5 21. Ra1
Ra7 22. Rhc1 axb4 23. axb4 Rea8 24. Rxa7+ Rxa7 25. Bf1 Ra3+ 26. Bd3 g6 27. h4
Rb3 28. Rb1 Ra3 29. h5 Nxf4 30. Kxf4 Rxd3 31. hxg6 hxg6 32. Kg5 Rxd4 33. Kxg6
Rf4 34. e6 Rxf3 35. Re1 Rg3+ 36. Kf7 Rh3 37. Rg1 Kd6 38. Re1 Rh7+ 39. Kg6 Re7
40. Kxf5 c5 41. bxc5+ bxc5 42. Ra1 d4 43. Ra6+ Kd5 44. Kf6 Re8 45. e7 d3 46.
Kf7 Rxe7+ 47. Kxe7 c4 48. Rd6+ Ke4 49. Re6+ Kd4 50. Kd6 c3 51. Rh6 c2 52. Rh4+
Kc3 53. Kd5 d2 54. Rc4+ Kb3 0-1

[Event "23. OSREDNJA SLOVENSKA LIGA 2022"]
[Site "gostovanja"]
[Date "2022.09.29"]
[Round "2.4"]
[White "Grasic, Marjan"]
[Black "Filipic, Dusan"]
[Result "0-1"]
[WhiteElo "1696"]
[BlackElo "1397"]
[PlyCount "121"]
[EventDate "2022.09.29"]
[WhiteTeam "SD MENGES-TRZIN 1"]
[BlackTeam "SK TRZIN PEKOS PUB"]

1. e4 b6 2. d4 Bb7 3. Nc3 e6 4. Nf3 c6 5. Bd3 Bd6 6. O-O f6 7. e5 Bc7 8. Bf4 g5
9. Bg3 f5 10. h3 Qe7 11. Nh2 Nh6 12. Qh5+ Nf7 13. f4 h6 14. a4 Na6 15. Na2
O-O-O 16. c3 Rdg8 17. Qe2 Nb8 18. Nf3 Rh7 19. Nb4 Rhg7 20. Rf2 g4 21. hxg4 Rxg4
22. Bh2 h5 23. Nc2 h4 24. Ne3 R4g7 25. Kh1 Nh6 26. Rg1 Ng4 27. Nxg4 fxg4 28.
Ng5 g3 29. Rff1 c5 30. Be4 Ba6 31. Bd3 c4 32. Be4 Nc6 33. b4 b5 34. axb5 Bxb5
35. d5 Nxe5 36. fxe5 Rxg5 37. d6 Qd8 38. dxc7 Qxc7 39. Rf4 Rxe5 40. Rgf1 d5 41.
Rf8+ Rxf8 42. Rxf8+ Kb7 43. Bg1 Rxe4 44. Qh5 Bd7 45. Qh8 Kc6 46. Ra8 Re1 47.
Qd4 Qb6 48. Qxb6+ axb6 49. Rh8 Re4 50. Rh6 b5 51. Rf6 Kd6 52. Rf1 Bc6 53. Bc5+
Kd7 54. Rd1 Rf4 55. Kg1 e5 56. Be3 Rf5 57. Rf1 Rh5 58. Rf6 h3 59. gxh3 Rxh3 60.
Rg6 d4 61. cxd4 0-1

[Event "23. OSREDNJA SLOVENSKA LIGA 2022"]
[Site "gostovanja"]
[Date "2022.09.29"]
[Round "2.1"]
[White "Ocepek, Marjan"]
[Black "Olenik Campa, Rudi"]
[Result "0-1"]
[WhiteElo "1588"]
[BlackElo "2151"]
[PlyCount "94"]
[EventDate "2022.09.29"]
[WhiteTeam "SD MENGES-TRZIN 2"]
[BlackTeam "SK LJUBLJANA"]

1. d4 Nf6 2. c4 g6 3. Nf3 Bg7 4. Nc3 O-O 5. e4 d6 6. Bd3 e5 7. dxe5 dxe5 8. Bg5
h6 9. Bh4 Nbd7 10. O-O c6 11. h3 Qc7 12. Qc2 Nc5 13. Be2 Nh5 14. b4 Ne6 15.
Rad1 g5 16. g4 Nhf4 17. Bg3 Nxh3+ 18. Kh2 Nhf4 19. Rd2 Ng6 20. Nd1 Qe7 21. a3
Nd4 22. Nxd4 exd4 23. f3 Be5 24. Rg1 Rd8 25. Nf2 a5 26. Nd3 Bxg3+ 27. Rxg3 axb4
28. axb4 Be6 29. Rg1 Ra3 30. Qb2 Rc3 31. c5 Ra8 32. Ra1 Qc7+ 33. Kg2 Rxa1 34.
Qxa1 Bc4 35. Qb1 Nh4+ 36. Kh3 Ng6 37. Kg2 Nf4+ 38. Nxf4 Qxf4 39. Qd1 Bxe2 40.
Qxe2 Rxf3 41. Qxf3 Qxd2+ 42. Kg3 d3 43. e5 Qf4+ 44. Kf2 Kf8 45. Qxf4 gxf4 46.
Ke1 f3 47. Kd2 f2 0-1

[Event "23. OSREDNJA SLOVENSKA LIGA 2022"]
[Site "gostovanja"]
[Date "2022.09.29"]
[Round "2.2"]
[White "Juvan, Vid"]
[Black "Strajhar, Albin"]
[Result "0-1"]
[WhiteElo "1564"]
[BlackElo "1815"]
[PlyCount "52"]
[EventDate "2022.09.29"]
[WhiteTeam "SK LJUBLJANA"]
[BlackTeam "SD MENGES-TRZIN 2"]

1. e4 c5 2. Nf3 Nc6 3. Bb5 a6 4. Bxc6 dxc6 5. O-O Bg4 6. h3 Bh5 7. d3 e6 8.
Nbd2 Bd6 9. e5 Bc7 10. Re1 Ne7 11. b3 O-O 12. g4 Bg6 13. Ne4 b6 14. h4 h6 15.
Bd2 Nd5 16. Qc1 f5 17. exf6 Nxf6 18. Nxf6+ Qxf6 19. Re3 Bf4 20. Rxe6 Qxe6 21.
Bxf4 Qxg4+ 22. Bg3 Qxf3 23. Qd2 Rae8 24. Qc3 Re2 25. Rf1 Bf5 26. Kh2 Be6 0-1

[Event "23. OSREDNJA SLOVENSKA LIGA 2022"]
[Site "gostovanja"]
[Date "2022.09.29"]
[Round "2.3"]
[White "Saradjen, Darja"]
[Black "Tansek, Branko"]
[Result "0-1"]
[WhiteElo "1739"]
[BlackElo "1514"]
[PlyCount "56"]
[EventDate "2022.09.29"]
[WhiteTeam "SD MENGES-TRZIN 2"]
[BlackTeam "SK LJUBLJANA"]

1. e4 e5 2. Nf3 Nc6 3. d3 Nf6 4. Be2 d5 5. exd5 Nxd5 6. O-O Bd6 7. Nbd2 O-O 8.
Ne4 Be7 9. h3 f5 10. Ng3 Nf4 11. Nxe5 Nxh3+ 12. gxh3 Nxe5 13. Bf4 Bd6 14. Qc1
Ng6 15. Bg5 Be7 16. Bxe7 Qxe7 17. Re1 Qh4 18. Bf1 f4 19. Re4 Bxh3 20. Bg2 Bxg2
21. Kxg2 Qf6 22. Nh5 Qg5+ 23. Ng3 Rf5 24. Qe1 fxg3 25. Re8+ Rf8 26. Qe6+ Kh8
27. Rxf8+ Rxf8 28. f3 Nf4+ 0-1

[Event "23. OSREDNJA SLOVENSKA LIGA 2022"]
[Site "gostovanja"]
[Date "2022.09.29"]
[Round "2.4"]
[White "Tomac, Kristof"]
[Black "Sovdat, Blaz"]
[Result "1-0"]
[WhiteElo "1251"]
[BlackElo "1000"]
[PlyCount "105"]
[EventDate "2022.09.29"]
[WhiteTeam "SK LJUBLJANA"]
[BlackTeam "SD MENGES-TRZIN 2"]

1. e4 d6 2. d4 Nf6 3. Nc3 g6 4. Bg5 Bg7 5. e5 dxe5 6. dxe5 Qxd1+ 7. Rxd1 Nfd7
8. Nd5 Bxe5 9. Nf3 Bd6 10. Bxe7 c6 11. Bxd6 cxd5 12. Rxd5 a6 13. Be2 Nc6 14.
O-O Nf6 15. Rdd1 h6 16. Rfe1 Be6 17. Bc4 O-O-O 18. Bxe6+ fxe6 19. Rxe6 Ne8 20.
Rxg6 Nxd6 21. Rgxd6 Rde8 22. Kf1 Re7 23. Nd4 Nd8 24. Nf5 Reh7 25. c4 h5 26. b4
h4 27. h3 Rf8 28. Ne3 Rhf7 29. Ng4 Nc6 30. b5 axb5 31. cxb5 Na5 32. f3 Re7 33.
Nf2 Kc7 34. b6+ Kc8 35. R1d4 Rfe8 36. Re4 Rxe4 37. Nxe4 Nc4 38. Rh6 Rd8 39.
Rxh4 Nxb6 40. Rh7 Nc4 41. h4 Rd1+ 42. Kf2 Ra1 43. h5 Rxa2+ 44. Kg3 b5 45. h6
Ra6 46. Kh4 Rg6 47. g4 b4 48. Kh5 Rg8 49. Rg7 Rh8 50. h7 Rxh7+ 51. Rxh7 b3 52.
Kg5 b2 53. Nc3 1-0

[Event "23. OSREDNJA SLOVENSKA LIGA 2022"]
[Site "gostovanja"]
[Date "2022.09.29"]
[Round "2.1"]
[White "Baric, Dusan"]
[Black "Butala, Marjan"]
[Result "1/2-1/2"]
[WhiteElo "2011"]
[BlackElo "1877"]
[PlyCount "48"]
[EventDate "2022.09.29"]
[WhiteTeam "SK VISNJA GORA - STICNA"]
[BlackTeam "KPSRD KAREL JERAJ"]

1. e4 d6 2. d4 Nf6 3. Bd3 e5 4. c3 g6 5. Ne2 Bg7 6. O-O O-O 7. Bg5 Qe8 8. Nd2
Nbd7 9. Qc2 h6 10. Bxf6 Nxf6 11. f4 Ng4 12. Rf3 exf4 13. Nxf4 c5 14. Nb3 cxd4
15. cxd4 Be6 16. Nxe6 Qxe6 17. Qc7 Bxd4+ 18. Nxd4 Qe5 19. Ne2 Qxh2+ 20. Kf1
Qh1+ 21. Ng1 Nh2+ 22. Kf2 Nxf3 23. Kxf3 Qh5+ 24. Kf2 Qh4+ 1/2-1/2

[Event "23. OSREDNJA SLOVENSKA LIGA 2022"]
[Site "gostovanja"]
[Date "2022.09.29"]
[Round "2.2"]
[White "Kutin, Dusan"]
[Black "Kirasic, Branko"]
[Result "0-1"]
[WhiteElo "1776"]
[BlackElo "1938"]
[PlyCount "80"]
[EventDate "2022.09.29"]
[WhiteTeam "KPSRD KAREL JERAJ"]
[BlackTeam "SK VISNJA GORA - STICNA"]

1. e4 c5 2. Nf3 Nc6 3. c4 d6 4. h3 Nf6 5. Nc3 g6 6. d3 Bg7 7. Be2 O-O 8. O-O e6
9. Re1 Nd7 10. Bf1 a6 11. a4 Rb8 12. Bf4 Qc7 13. Qd2 Rd8 14. Bh6 Bh8 15. Nh4
Nf6 16. f4 Nd4 17. Ra3 e5 18. fxe5 dxe5 19. Nd5 Nxd5 20. cxd5 b5 21. axb5 Rxb5
22. Qf2 Qb7 23. b3 f6 24. Nf3 Nxb3 25. d4 Nxd4 26. Nxd4 exd4 27. Bc4 Rb4 28.
Qa2 Rxc4 29. Qxc4 Qb5 30. Qa2 Re8 31. Rb1 Qd7 32. Re1 f5 33. Qc2 Qe7 34. Ra5
fxe4 35. Rxc5 Bf5 36. Qa4 Bd7 37. Qa5 Qd6 38. Rcc1 e3 39. Rc6 Qg3 40. Qa2 Qxe1+
0-1

[Event "23. OSREDNJA SLOVENSKA LIGA 2022"]
[Site "gostovanja"]
[Date "2022.09.29"]
[Round "2.3"]
[White "Jancigaj, Saso Valentin"]
[Black "Novakovic, Novica"]
[Result "1-0"]
[WhiteElo "1706"]
[BlackElo "1673"]
[PlyCount "105"]
[EventDate "2022.09.29"]
[WhiteTeam "SK VISNJA GORA - STICNA"]
[BlackTeam "KPSRD KAREL JERAJ"]

1. f4 c6 2. Nf3 d6 3. e3 g6 4. d4 Nf6 5. Bd3 Bg7 6. Nbd2 Qa5 7. c3 Bg4 8. O-O
Nd5 9. Nc4 Qc7 10. e4 Nb6 11. e5 Nxc4 12. Bxc4 d5 13. Bd3 e6 14. h3 Bxf3 15.
Rxf3 Nd7 16. Bd2 Qb6 17. b4 a6 18. a4 O-O 19. g4 Rae8 20. g5 h5 21. gxh6 Bxh6
22. h4 Kh7 23. h5 Rg8 24. Rg3 Rg7 25. hxg6+ fxg6 26. Qh5 Nf8 27. Kg2 Qd8 28.
Rh1 Qe7 29. Qxh6+ Kg8 30. Bxg6 Nxg6 31. Rxg6 Rxg6+ 32. Qxg6+ Qg7 33. Qxg7+ Kxg7
34. Kf3 Rf8 35. Rg1+ Kf7 36. Be1 Rh8 37. Bg3 Rh3 38. Rc1 Ke7 39. Kg4 Rh8 40.
Bh4+ Kf7 41. c4 dxc4 42. Rxc4 Rg8+ 43. Bg5 Rh8 44. b5 axb5 45. axb5 Rc8 46.
bxc6 bxc6 47. f5 Rc7 48. f6 Kg6 49. Bf4 Rc8 50. Rc3 Rc7 51. Rh3 Kf7 52. Rh7+
Kg6 53. Rxc7 1-0

[Event "23. OSREDNJA SLOVENSKA LIGA 2022"]
[Site "gostovanja"]
[Date "2022.09.29"]
[Round "2.4"]
[White "Vertacnik, Viktor"]
[Black "Lesjak, Damjan"]
[Result "1/2-1/2"]
[WhiteElo "1600"]
[BlackElo "1821"]
[PlyCount "89"]
[EventDate "2022.09.29"]
[WhiteTeam "KPSRD KAREL JERAJ"]
[BlackTeam "SK VISNJA GORA - STICNA"]

1. e4 c5 2. c3 Nc6 3. Nf3 d6 4. d4 cxd4 5. cxd4 g6 6. Nc3 Bg7 7. Be3 Nf6 8. h3
O-O 9. Bd3 a6 10. O-O e6 11. Qd2 b5 12. a3 Ne5 13. Qc2 Bb7 14. Rac1 Rc8 15. Nd2
Nc6 16. b4 Nd7 17. Nb3 Nb6 18. Qe2 e5 19. d5 Nd4 20. Qb2 Nc4 21. Bxc4 bxc4 22.
Na5 Ba8 23. Ne2 Nxe2+ 24. Qxe2 f5 25. f3 fxe4 26. fxe4 Rxf1+ 27. Qxf1 Qh4 28.
Qf3 c3 29. Bf2 Qf4 30. Rxc3 Re8 31. Be3 Qh4 32. Rc7 Rf8 33. Bf2 Qd8 34. Qc3 Qf6
35. Be3 Qf1+ 36. Kh2 Qe2 37. Rc8 h5 38. Rxf8+ Bxf8 39. Qd2 Qb5 40. Bg5 Qf1 41.
Qc2 Bg7 42. Qc8+ Kh7 43. Qxa8 Qf2 44. Nc6 h4 45. Qd8 1/2-1/2

[Event "23. OSREDNJA SLOVENSKA LIGA 2022"]
[Site "gostovanja"]
[Date "2022.10.06"]
[Round "3.1"]
[White "Plaskan, Jure"]
[Black "Lanjscek, Miha"]
[Result "1-0"]
[WhiteElo "2217"]
[BlackElo "1805"]
[PlyCount "131"]
[EventDate "2022.10.06"]
[WhiteTeam "SD DOMZALE"]
[BlackTeam "SK TRZIN PEKOS PUB"]

1. e4 c5 2. Nf3 d6 3. d4 cxd4 4. Nxd4 Nf6 5. Nc3 a6 6. Bc4 e6 7. a4 Be7 8. Be3
O-O 9. O-O Qc7 10. Qe2 e5 11. Nf5 Be6 12. Nxe7+ Qxe7 13. Bg5 Nbd7 14. a5 Bxc4
15. Qxc4 Rac8 16. Qd3 Nc5 17. Qf3 Qe6 18. Bxf6 Qxf6 19. Qxf6 gxf6 20. Rfd1 Rfd8
21. Nd5 Kg7 22. Ne7 Rc7 23. Nf5+ Kf8 24. f3 Ne6 25. c3 Rc6 26. Rd2 Ng7 27. Ne3
Ne8 28. Kf2 Nc7 29. g4 b6 30. axb6 Rxb6 31. Rad1 Ne8 32. h4 Rdb8 33. b4 Rc6 34.
Nd5 Kg7 35. Rd3 Rb7 36. Rg1 h6 37. Ke2 Rd7 38. Ra1 Nc7 39. Ne3 Nb5 40. Kd2 Rdc7
41. Nd5 Rd7 42. Rg1 Nc7 43. Ne3 Ne6 44. Nd5 Nc7 45. Ra1 Nxd5 46. Rxd5 Rdc7 47.
Ra3 Rb7 48. Rda5 Rbb6 49. Kd3 Kg6 50. Ra2 Kg7 51. f4 Kg6 52. Rg2 Rc7 53. h5+
Kg7 54. g5 fxg5 55. fxg5 Rbc6 56. Ra3 hxg5 57. Rxg5+ Kh6 58. Rg8 Rb7 59. Ra8
Rbb6 60. Ra1 d5 61. exd5 Rd6 62. Ke4 f6 63. Rg1 Rb7 64. Kf5 Rxd5 65. Rh8+ Rh7
66. Rg6+ 1-0

[Event "23. OSREDNJA SLOVENSKA LIGA 2022"]
[Site "gostovanja"]
[Date "2022.10.06"]
[Round "3.2"]
[White "Konvalinka, Kostja"]
[Black "Debevec, Blaz"]
[Result "0-1"]
[WhiteElo "1672"]
[BlackElo "2056"]
[PlyCount "86"]
[EventDate "2022.10.06"]
[WhiteTeam "SK TRZIN PEKOS PUB"]
[BlackTeam "SD DOMZALE"]

1. e4 c5 2. Nf3 Nc6 3. d4 cxd4 4. Nxd4 Nf6 5. Nc3 e5 6. Ndb5 d6 7. Bg5 a6 8.
Na3 b5 9. Nd5 Be7 10. Nxe7 Nxe7 11. Bxf6 gxf6 12. c3 f5 13. exf5 Bxf5 14. Nc2
O-O 15. Be2 Rc8 16. Bg4 Bxc2 17. Qxc2 f5 18. Bf3 e4 19. Bh5 d5 20. Qd2 Qd6 21.
Rd1 Qe5 22. Qd4 Qxd4 23. Rxd4 Kg7 24. O-O Rc4 25. Rfd1 Rxd4 26. Rxd4 Kf6 27.
Kf1 Ke5 28. Ke1 Rb8 29. a3 a5 30. g3 Nc6 31. Rd1 b4 32. axb4 axb4 33. f4+ Ke6
34. Ra1 Kd6 35. Ra6 bxc3 36. bxc3 Kc5 37. Kd2 Rb2+ 38. Ke3 Rxh2 39. Be8 d4+ 40.
cxd4+ Nxd4 41. Ra5+ Kb6 42. Rxf5 Nxf5+ 43. Kxe4 Nd6+ 0-1